| 000 | 00506nmm a2200157Ia 4500 | ||
|---|---|---|---|
| 008 | 251105s9999||||xx |||||||||||||||||und|| | ||
| 020 | _a9788494913488 | ||
| 041 | _aspa | ||
| 100 | _aTaylor, Steve | ||
| 245 | 0 |
_aPor una ciencia espiritual : _b Cómo superar los límites de la ciencia desde un enfoque integral |
|
| 264 |
_a[Madrid, España] : _bKōan Libros, _c2018 |
||
| 300 | _a352 páginas | ||
| 650 | _aPhilosophy, Ethics | ||
| 856 | _uhttps://public.digitaliapublishing.com/a/98724 | ||
| 942 | _cCF | ||
| 999 |
_c89508 _d89508 |
||